Southville International School and Colleges
Your cart is empty.
  • Cart
  • Lists
    Public lists Eva Luna New books Lux_list list_1
    Your lists Log in to create your own lists
  • Log in to your account
  • Your cookies
  • Search history
Southville International School and Colleges
  • Advanced search
  • Recent comments
  • Most popular
  • Libraries

Log in to your account

Log in with GOOGLE


If you do not have an external account, but do have a local account, you can still log in:

  1. Home
  2. MARC view: Faith:
Normal view MARC view ISBD view

Faith: (Record no. 287981)

[ view plain ]
MARC details
000 -LEADER
fixed length control field 00484nam a2200157Ia 4500
008 - FIXED-LENGTH DATA ELEMENTS--GENERAL INFORMATION
fixed length control field 150610s9999 xx 000 0 und d
020 ## - INTERNATIONAL STANDARD BOOK NUMBER
International Standard Book Number 1573222283
050 ## - LIBRARY OF CONGRESS CALL NUMBER
Classification number BQ984
Item number .L7A3 2002
100 ## - MAIN ENTRY--PERSONAL NAME
Personal name Salzberg, Sharon
245 ## - TITLE STATEMENT
Title Faith:
Remainder of title trusting your own deepest experience /
Statement of responsibility, etc Sharon Salzberg.
260 ## - PUBLICATION, DISTRIBUTION, ETC. (IMPRINT)
Place of publication, distribution, etc New York :
Name of publisher, distributor, etc The Berkley Publishing Group,
Date of publication, distribution, etc 2002.
300 ## - PHYSICAL DESCRIPTION
Extent 176pages ;
Dimensions 21 cm.
520 ## - SUMMARY, ETC.
Summary, etc Biography.
650 ## - SUBJECT ADDED ENTRY--TOPICAL TERM
General subdivision Faith(Buddhism).
650 ## - SUBJECT ADDED ENTRY--TOPICAL TERM
General subdivision Spiritual biography.
Holdings
Withdrawn status Lost status Damaged status Home library Current library Shelving location Date acquired Total Checkouts Full call number Barcode Date last seen Price effective from Koha item type
      Stonyhurst Southville International School (Batangas) Stonyhurst Southville International School (Batangas) High School Section 06/10/2015   BQ984 .L7A3 2002 US-1537 06/10/2015 06/10/2015 Books

Faith:

APA

Salzberg S., . (2002). Faith. New York: The Berkley Publishing Group.

Chicago

Salzberg Sharon, . 2002. Faith. New York: The Berkley Publishing Group.

Harvard

Salzberg S., . (2002). Faith. New York: The Berkley Publishing Group.

MLA

Salzberg Sharon, . Faith. New York: The Berkley Publishing Group. 2002.

  • Place hold
  • Print
  • Cite
  • Add to your cart (remove)
  • Save record
    BIBTEX Dublin Core MARCXML MARC (non-Unicode/MARC-8) MARC (Unicode/UTF-8) MARC (Unicode/UTF-8, Standard) MODS (XML) RIS
  • More searches
    Search for this title in:
    Other Libraries (WorldCat) Other Databases (Google Scholar) Online Stores (Bookfinder.com) Open Library (openlibrary.org)

Exporting to Dublin Core...

SOUTHVILLE LIBRARY

Southville International School and Colleges Library

1281 Tropical Ave. Cor. Luxembourg St., BF Homes International, Las Pinas City

Tel. No. 8256374 / 252358 Loc. 117/146

Powered by Koha